MARC

LEADER 00000nam0a2200000 4500
001 246979
005 20231101232246.0
035 |a (RuTPU)RU\TPU\book\268447 
090 |a 246979 
100 |a 20131212d1964 k y0rusy50 ca 
101 0 |a rus 
102 |a RU 
105 |a a z 001zy 
200 1 |a Введение в механику управляемого тела  |f Г. В. Коренев 
210 |a Москва  |c Наука  |d 1964 
215 |a 568 с.  |c ил. 
320 |a Предметный указатель: с. 
606 1 |a Движение  |x (механика)  |2 stltpush  |3 (RuTPU)RU\TPU\subj\8929  |9 36239 
610 1 |a понятия 
610 1 |a методы 
610 1 |a задачи 
610 1 |a движения 
610 1 |a программирование 
610 1 |a программы 
610 1 |a управление 
610 1 |a ошибки 
610 1 |a плоскости 
610 1 |a уравнения 
610 1 |a точка 
610 1 |a пространство 
610 1 |a линейное приближение 
610 1 |a тензорная алгебра 
675 |a 531.1  |v 3 
700 1 |a Коренев  |b Г. В.  |g Георгий Васильевич 
801 1 |a RU  |b 63413507  |c 20131212 
801 2 |a RU  |b 63413507  |c 20210603  |g RCR 
942 |c BK